000 00490nam a2200205Ia 4500
005 20250425160811.0
008 250425s9999 xx 000 0 und d
020 _a0471820830
041 _aeng
082 _a620.3
100 _aSTEIDEL, ROBERT F.
245 0 _aAN INTRODUCTION TO MECHANICAL VIBRATIONS
250 _a2ND ED.
260 _aEstados Unidos
_bJOHN WILEY & SONS
_c1979
260 _aS.L.
300 _a395
650 _aVIBRACIONES
942 _c01
010 _a5506
999 _c196386
_d196386